News and information (notice n° 1736547)

détails MARC
000 -LEADER
fixed length control field 01630cam a2200181 4500500
005 - DATE AND TIME OF LATEST TRANSACTION
control field 20260322004001.0
041 ## - LANGUAGE CODE
Language code of text/sound track or separate title fre
042 ## - AUTHENTICATION CODE
Authentication code dc
100 10 - MAIN ENTRY--PERSONAL NAME
Personal name Baron, Anne-Marie
Relator term author
245 00 - TITLE STATEMENT
Title News and information
260 ## - PUBLICATION, DISTRIBUTION, ETC.
Date of publication, distribution, etc. 2025.<br/>
500 ## - GENERAL NOTE
General note 18
520 ## - SUMMARY, ETC.
Summary, etc. This article focuses on Le Tartare ou Le Retour de l’exilé (1822) by Viellerglé, the pseudonym of Auguste Lepoitevin de l’Égreville and Balzac’s first collaborator—assuming the latter contributed to the novel. We first consider the flexibility of the contracts between Lepoitevin and Balzac, postulating the possibility that Balzac took part even in works signed Viellerglé. Then, referring to Balzac’s correspondence, we consider the preparedness of his sister Laure and Eugène Surville to help the novelist with a project compatible with that of Le Tartare. The article then analyzes the prefaces and quotations at the beginning of each chapter, consistent as they are with Balzac’s cultural references at the time. The study also addresses the novel’s affinity for meta-literary reflexivity and the presence of a poetics, albeit rudimentary, of observation and type. We end with an analysis of the thematic continuities between Le Tartare and Balzac’s early novels and the former’s anticipation of themes representative of the novelist’s literary maturity.
700 10 - ADDED ENTRY--PERSONAL NAME
Personal name Gagneux, Yves
Relator term author
700 10 - ADDED ENTRY--PERSONAL NAME
Personal name Lamy, Isabelle
Relator term author
786 0# - DATA SOURCE ENTRY
Note L’Année balzacienne | 26 | 1 | 2025-11-13 | p. 381-386 | 0084-6473
856 41 - ELECTRONIC LOCATION AND ACCESS
Uniform Resource Identifier <a href="https://shs.cairn.info/journal-lannee-balzacienne-2025-1-page-381?lang=en&redirect-ssocas=7080">https://shs.cairn.info/journal-lannee-balzacienne-2025-1-page-381?lang=en&redirect-ssocas=7080</a>

Pas d'exemplaire disponible.

PLUDOC

PLUDOC est la plateforme unique et centralisée de gestion des bibliothèques physiques et numériques de Guinée administré par le CEDUST. Elle est la plus grande base de données de ressources documentaires pour les Étudiants, Enseignants chercheurs et Chercheurs de Guinée.

Adresse

627 919 101/664 919 101

25 boulevard du commerce
Kaloum, Conakry, Guinée

Réseaux sociaux

Powered by Netsen Group @ 2025